| 000 | 01630nam a22002897i 4500 | ||
|---|---|---|---|
| 003 | EG-ScBUE | ||
| 005 | 20221124115406.0 | ||
| 008 | 220731s1993 ua o f b 000 0bara d | ||
| 040 |
_aEG-ScBUE _bara _erda _cEG-ScBUE _dEG-ScBUE |
||
| 082 | 0 | 4 |
_222 _a962.04 _bإ ي ف |
| 100 | 1 |
_aإيفانز، تريفور، _eمؤلف. |
|
| 240 | 1 | 0 |
_aKillearn diaries 1934-1946. _lArabic |
| 245 | 1 | 0 |
_aمذكرات اللورد كيللرن، 1934-1946 : _bالمذكرات الشخصية والسياسية للورد كيللرن (سير مايلز لامبسون) : المندوب السامى (السفير البريطاني) في مصر / _cإعداد وتقديم تريفور أ. إيفانز، أستاذ السياسة الدولية بجامعة ويلز، سفير المملكة المتحدة بالجزائر، سوريا والعراق سابقا ؛ ترجمة دكتور سامي أبو النور. |
| 264 | 1 |
_aالقاهرة : _bمكتبة مدبولي، _c[1993?] |
|
| 300 |
_a415 صفحة : _bصور ؛ _c24 سم |
||
| 336 |
_2rdacontent _aنص _btxt |
||
| 337 |
_2rdamedia _aبدون وسيط _bn |
||
| 338 |
_2rdacarrier _aمجلد _bnc |
||
| 504 | _aيشتمل على إرجاعات ببليوجرافية. | ||
| 541 | _aBook from store. | ||
| 600 | 1 | 7 |
_aكيلرن، اللورد، _d1880-1964 _xمذكرات. _2BUEsh |
| 651 | 7 |
_aمصر _xتاريخ _yالعصر الحديث _yالاحتلال البريطاني (1882-1956 م.). _2BUEsh |
|
| 653 |
_bGGEN _cNovember2022 |
||
| 655 | _vReading book | ||
| 700 | 1 |
_aأبو النور، سامي، _d1941- _eمترجم. |
|
| 942 | _2ddc | ||
| 999 |
_c30030 _d30001 |
||